Normal view
MARC view
- الموصلي، مظفر احمد
Entry Personal Name
001 - CONTROL NUMBER
- control field: 64363
003 - CONTROL NUMBER IDENTIFIER
- control field: JO-AjAnu
005 - DATE AND TIME OF LATEST TRANSACTION
- control field: 20230606084512.0
008 - FIXED-LENGTH DATA ELEMENTS
- fixed length control field: 230606|| aca||aabn | a|a d
040 ## - CATALOGING SOURCE
- Original cataloging agency: JO-AjAnu
- Transcribing agency: JO-AjAnu
100 ## - HEADING--PERSONAL NAME
- Personal name: الموصلي، مظفر احمد
670 ## - SOURCE DATA FOUND
- Source citation: Work cat.: (JO-AjAnu)32813: الموصلي، مظفر احمد, author, الزراعة القمرية: الاسترشاد بالقمر في تحديد مواقيت العمليات الزراعية